000 nam a22 a 4500
999 _c8
_d8
003 AKMAL
005 20170412122001.0
008 170412s2003 my 00 may d
020 _a9839926985:
_cRM90.90
040 _aAKMAL
_cAKMAL
082 0 4 _a320.9595092
_221
090 0 0 _a320.9595092
_bSHA
100 0 _aS. Hashim Ahmad,
_d1940-
_937
245 1 0 _aMahathir :
_bpencetus tamadun insaniah /
_cS. Hashim Ahmad
260 _aKuala Lumpur :
_bJuz' Art,
_c2003
300 0 0 _a[205]ms. :
_bil. wrn. ;
_c28cm
600 0 0 _aMahathir bin Mohamad,
_cDato' Seri,
_d1925-
_xContributions in civilization
_938
600 0 0 _aMahathir bin Mohamad,
_cDato' Seri,
_d1925-
_xViews on pol itics
_939
650 0 _aLeadership
_zMalaysia
_940
651 0 _aMalaysia
_xPolitics and government
_y1981-
_910
942 _2ddc
_cBOOK